000 00466nam a2200181Ia 4500
003 LK-CoDNM
005 20240730123620.0
008 010623t1958 xxu||||| |||| 00| 1 eng d
040 _aLK-CoDNM
_dLK-CoDNM
_eLK-CoDNM
041 _aeng
080 _a8
_bII45
100 _aJames,E.O.
245 _aMyth and ritual in the ancient near east
260 _bThames and Hudson
_aLondon
_c1958
300 _b352p. : map ; 22 cm
650 _aArchaeology
942 _cBK
999 _c104642
_d104642